| 000 | 00398nam a2200145Ia 4500 | ||
|---|---|---|---|
| 008 | 230917s9999||||xx |||||||||||||| ||und|| | ||
| 040 |
_e64987 _aMAIN |
||
| 041 | _aEnglish | ||
| 082 | _a301.04 F917S | ||
| 100 | _aFrisby, David | ||
| 245 | 0 | _aSociological impressionism: a reassessment of Georg Simmel's social theory | |
| 260 |
_aLondon _bHeinemann _c1981 |
||
| 300 | _axi, 190 p. | ||
| 942 | _cBK | ||
| 999 |
_c223206 _d223206 |
||